[Event "PNWCC vs Plovdiv Hybrid"]
[Site "Chess.com INT"]
[Date "2022.03.12"]
[Round "2"]
[White "Georgiev, Biser"]
[Black "Schwartz, Maxwell"]
[Result "1/2-1/2"]
[WhiteElo "2256"]
[BlackElo "2031"]
[PlyCount "99"]
[EventDate "2022.03.12"]
[EventType "team-tourn"]
[EventRounds "4"]
[EventCountry "NET"]
[SourceTitle "EXT 2023"]
[Source "ChessBase"]
[SourceDate "2022.10.05"]
[SourceVersion "1"]
[SourceVersionDate "2022.10.05"]
[SourceQuality "1"]
[WhiteTeam "Plovdiv"]
[BlackTeam "PNWCC"]
[WhiteTeamCountry "BUL"]
[BlackTeamCountry "USA"]

1. e4 e6 2. d4 d5 3. Nd2 Be7 4. Bd3 c5 5. dxc5 Nf6 6. Qe2 0-0 7. Ngf3 a5 8. 0-0 Na6 9. exd5 exd5 10. Nb3 a4 11. Nbd4 Nxc5 12. Re1 Nxd3 13. Qxd3 Ne4 14. Bf4 a3 15. b3 Bb4 16. Bd2 Bd6 17. c4 Nxd2 18. Nxd2 dxc4 19. Nxc4 Bb8 20. Rad1 Ra6 21. Nf5 Qc7 22. Ne7+ Kh8 23. Qg3 Qxg3 24. hxg3 Bg4 25. Rd4 Be6 26. Red1 g5 27. g4 Ba7 28. Re4 Kg7 29. Ne3 Bxe3 30. fxe3 Ra5 31. Rb4 Rc5 32. Rd2 b5 33. Rbd4 Re8 34. Nd5 Rd8 35. Nb4 Rdc8 36. Kf2 h6 37. Kf3 Kf6 38. Rd8 Kg7 39. R8d6 Ra8 40. Rb6 Re5 41. Rbd6 Bxg4+ 42. Kxg4 Re4+ 43. Kf3 Rxb4 44. Rb6 g4+ 45. Kf2 h5 46. Rd5 Rxb3 47. axb3 a2 48. Rd1 a1Q 49. Rxa1 Rxa1 50. Rxb5 1/2-1/2

[Event "USA-chT Amateur East"]
[Site "Parsippany"]
[Date "2013.02.16"]
[Round "2"]
[White "Langer, Mikhail"]
[Black "Schwartz, Maxwell"]
[Result "1-0"]
[WhiteElo "2211"]
[BlackElo "2064"]
[PlyCount "69"]
[EventDate "2013.02.16"]
[EventType "team-swiss"]
[EventRounds "6"]
[EventCountry "USA"]
[SourceTitle "CBM 153 Extra"]
[Source "ChessBase"]
[SourceDate "2013.04.22"]
[SourceVersion "1"]
[SourceVersionDate "2013.04.22"]
[SourceQuality "1"]
[WhiteTeam "Whoop Gata Kamsky Style"]
[BlackTeam "Rg3! Offensive Rook"]
[WhiteTeamCountry "USA"]
[BlackTeamCountry "USA"]

1. e4 Nc6 2. Nf3 d6 3. d4 Bg4 4. Be2 e6 5. d5 exd5 6. exd5 Nb8 7. Qd3 Qd7 8. 0-0 Nf6 9. Nd4 Be7 10. Bxg4 Nxg4 11. Nf5 0-0 12. f4 Na6 13. c4 Nc5 14. Qc2 Rfe8 15. h3 Nf6 16. Nc3 Bf8 17. Ng3 a5 18. f5 h6 19. Bd2 Re7 20. Rae1 Rae8 21. Rxe7 Rxe7 22. Nb5 c6 23. dxc6 bxc6 24. Nd4 Nb7 25. Bc3 d5 26. Qa4 Qd6 27. Rf3 Ne4 28. f6 Rc7 29. fxg7 Bxg7 30. Ngf5 Nxc3 31. bxc3 Bxd4+ 32. cxd4 Qe6 33. Qa3 Qe1+ 34. Kh2 Qb4 35. Qe3 1-0